Principles of transistor circuits; (Record no. 182367)
[ view plain ]
| 000 -LEADER | |
|---|---|
| fixed length control field | 01108 a2200193 4500 |
| 003 - CONTROL NUMBER IDENTIFIER | |
| control field | Nust |
| 005 - DATE AND TIME OF LATEST TRANSACTION | |
| control field | 20221202182604.0 |
| 040 ## - CATALOGING SOURCE | |
| Transcribing agency | Nust |
| 082 ## - DEWEY DECIMAL CLASSIFICATION NUMBER | |
| Classification number | 621.381528,AMO |
| 100 ## - MAIN ENTRY--PERSONAL NAME | |
| Personal name | Amos, Stanley William |
| 9 (RLIN) | 104053 |
| 245 ## - TITLE STATEMENT | |
| Title | Principles of transistor circuits; |
| Remainder of title | introduction to the design of amplifiers, receivers, and other circuits / |
| Statement of responsibility, etc. | S. W. Amos |
| 250 ## - EDITION STATEMENT | |
| Edition statement | 2nd ed |
| 260 ## - PUBLICATION, DISTRIBUTION, ETC. | |
| Place of publication, distribution, etc. | F. Rider |
| Name of publisher, distributor, etc. | New York |
| Date of publication, distribution, etc. | 1961 |
| 300 ## - PHYSICAL DESCRIPTION | |
| Extent | 210 p |
| Other physical details | illus |
| Dimensions | 22 cm |
| 505 ## - FORMATTED CONTENTS NOTE | |
| Formatted contents note | Semiconductors And Junction Diodes (Page-1), Basic Principles Of Junction Transistors (Page-19), Common Base Amplifiers (Page-37), Common Emitter Amplifiers (Page-53), Common Collector Amplifiers (Page-67), Bias Stabilization (Page-78), Small Signal AF Amplifiers (Page-94), IF Amplifiers (Page-106), Pulse Amplifiers (Page-126), Large Signal AF Receivers (Page-136), Am And Fm Receivers (Page-150), Multivibrators (Page-171), Further Applications Of Junction Diodes And Transistors (Page-185), Further Semiconductor Devices (Page-198). |
| 600 ## - SUBJECT ADDED ENTRY--PERSONAL NAME | |
| Personal name | Amos, Stanley William |
| 9 (RLIN) | 104053 |
| 650 ## - SUBJECT ADDED ENTRY--TOPICAL TERM | |
| Topical term or geographic name entry element | Telecommunication Engineering |
| 942 ## - ADDED ENTRY ELEMENTS (KOHA) | |
| Source of classification or shelving scheme | |
| Koha item type | Book |
| Withdrawn status | Lost status | Source of classification or shelving scheme | Damaged status | Not for loan | Permanent Location | Current Location | Shelving location | Date acquired | Full call number | Barcode | Date last seen | Price effective from | Koha item type | Public note |
|---|---|---|---|---|---|---|---|---|---|---|---|---|---|---|
| Military College of Signals (MCS) | Military College of Signals (MCS) | General Stacks | 12/12/2016 | 621.381528,AMO | MCS7410 | 12/08/2016 | 12/12/2016 | Book | Almirah No.34, Shelf No.1 |
